Szczegóły MARC21

Fizjologia człowieka : zagadnienia wybrane : materiały do ćwiczeń /

003 -Nazwa inst., której nr kontr. jest w polu 001 [,]
    • @
    • Nazwa instytucji, której n kontrolny jest w polu 001
    • NUKAT
005 -DATA I CZAS OSTATNIEJ MODYFIKACJI [,]
    • @
    • pole kontrolne
    • 20241231103213.0
020 -Międzynarod. znormalizowany nr książki - ISBN [ , ]
    • a
    • Numer ISBN
    • 9788389227249 Find
040 -Instytucja sporządzająca opis [ , ]
    • a
    • Instytucja, która sporządziła opis (NP)
    • GD 88/MSz
    • c
    • Instytucja, która sporządziła rekord (NP)
    • GD 88/MSz
    • d
    • Instytucja, która zmodyfikowała rekord (P)
    • GD 88/MSz
    • d
    • Instytucja, która zmodyfikowała rekord (P)
    • GD 88/MSz
    • d
    • Instytucja, która zmodyfikowała rekord (P)
    • Ł U/JOs
    • d
    • Instytucja, która zmodyfikowała rekord (P)
    • KR U/APs
942 -Rodzaj dokumentu [ , ]
    • c
    • Rodzaj dokumentu
    • Książka
245 -Strefa tytułu i oznaczenia odpowiedzialności [0,0]
    • a
    • Tytuł
    • Fizjologia człowieka : Find
    • b
    • Ciąg dalszy tytułu (NP)
    • zagadnienia wybrane : materiały do ćwiczeń / Find
    • c
    • Pozostałe elementy strefy tytułu i oznaczenia odpowiedzialności (NP)
    • Anna Szczęsna-Kaczmarek [et al.] ; Akademia Wychowania Fizycznego i Sportu im. Jędrzeja Śniadeckiego w Gdańsku.
250 -Strefa wydania [ , ]
    • a
    • Oznaczenie wydania (NP)
    • Wyd. 3 popr.
260 -Strefa adresu wydawniczego [ , ]
    • a
    • Miejsce wydania (P)
    • Gdańsk :
    • b
    • Nazwa wydawcy (P)
    • Wydawnictwo Uczelniane Akademii Wychowania Fizycznego i Sportu im. Jędrzeja Śniadeckiego,
    • c
    • Data wydania (P)
    • 2009.
300 -Strefa opisu fizycznego [ , ]
    • a
    • Określenie formy książki i/lub objętość (NP)
    • 109 s. :
    • b
    • Oznaczenie ilustracji (NP)
    • il. ;
    • c
    • Format (NP)
    • 30 cm.
336 -Typ zawartości [ , ]
    • a
    • Termin opisujący typ zawartości
    • Tekst
    • b
    • Kod określający zawartość
    • txt
    • 2
    • Źródło (terminu i kodu)
    • rdacontent
337 -Typ mediów [ , ]
    • a
    • Tryb odtwarzania
    • Bez urządzenia pośredniczącego
    • b
    • Kod typu mediów
    • n
    • 2
    • Źródło (terminu i kodu)
    • rdamedia
338 -Typ/rodzaj nośnika [ , ]
    • a
    • Hasło opisujące typ nośnika
    • Wolumin
    • b
    • Kod typu nośnika
    • nc
    • 2
    • Źródło (terminu i kodu)
    • rdacarrier
504 -Uwaga dot. bibliogr. załącznikowej [ , ]
    • a
    • Uwaga dot. bibliografii załącznikowej
    • Bilbiogr. s. 109.
080 -Uniwersalna Klasyfikacja Dziesiętna [ , ]
    • 2
    • Identyfikator wydania tablic
    • UDC-P058
    • 9
    • UKD
    • 4540
    • a
    • Symbol klasyfikacji
    • 612
    • b
    • Dopowiedzenie
    • Fizjologia.
    • 4
    • UKD2
    • 7665
    • x
    • Poddział wspólny
    • (075.8)
    • c
    • Dopowiedzenie poddz. wspólnego
    • (Podręczniki dla szkół wyższych. Skrypty).
650 -Hasło przedmiotowe [ ,7]
    • a
    • Hasło przedmiotowe
    • Fizjologia człowieka
    • v
    • Określnik formalny
    • podręczniki laboratoryjne.
    • 2
    • Źródło terminu
    • kaba
    • 9
    • KHW
    • 444747
650 -Hasło przedmiotowe [ ,7]
    • a
    • Hasło przedmiotowe
    • Fizjologia człowieka
    • v
    • Określnik formalny
    • zadania i ćwiczenia.
    • 2
    • Źródło terminu
    • kaba
    • 9
    • KHW
    • 362372
980 -Symbol UKD [ , ]
    • a
    • UKD
    • 612(075.8)
700 -Hasło dodatkowe - nazwa osobowa [1, ]
    • a
    • Nazwa osobowa (NP)
    • Szczęsna-Kaczmarek, Anna. Find
    • 9
    • KHW
    • 554337
710 -Hasło dodatkowe - nazwa ciała zbiorowego [2, ]
    • a
    • Nazwa ciała zbiorowego lub nazwa geograficzna jako pierwszy element (NP)
    • Akademia Wychowania Fizycznego i Sportu im. Jędrzeja Śniadeckiego (Gdańsk).
    • b
    • Nazwa jednostki podrzędnej (P)
    • Wydawnictwo Uczelniane.
    • 4
    • Kod relacji
    • pbl
    • 9
    • KHW
    • 54628
920 -ISBN [ , ]
    • a
    • ISBN
    • 978-83-89227-24-9 Find
Lokalizacja Status udost. Sygnatura Data inwentaryzacji Numer inwentarzowy
BM1Fizjologia człowieka 202010-10-07WF.8712